[Event "20th 4NCL Congress"]
[Site "Nottingham"]
[Date "2018.09.28"]
[Round "1"]
[Board "1"]
[White "Bagley, Andy J"]
[Black "Taylor, Robert K"]
[Result "1/2-1/2"]
[WhiteElo "1829"]
[BlackElo "1995"]
[PlyCount "106"]
[EventDate "2018.09.28"]
[EventRounds "5"]
[EventCountry "ENG"]

1. d4 d5 2. c4 e5 3. dxe5 d4 4. a3 Nc6 5. Nf3 Bg4 6. Nbd2 Qe7 7. g3 f6 8. exf6
Nxf6 9. h3 Bxf3 10. Nxf3 O-O-O 11. Bg2 g6 12. O-O Bg7 13. Bg5 h6 14. Bxf6 Qxf6
15. Rb1 Rhe8 16. Qd3 Rd6 17. b4 Qe7 18. Rfe1 Re6 19. Kf1 g5 20. b5 Na5 21. Nxd4
Bxd4 22. Qxd4 Kb8 23. Qc3 Rxe2 24. Qxa5 Rxf2+ 25. Kg1 Re2 26. Rxe2 Qxe2 27. Qc3
h5 28. Qf3 Qxf3 29. Bxf3 g4 30. hxg4 hxg4 31. Bxg4 Rg8 32. Rd1 c5 33. bxc6 Rxg4
34. Rd8+ Kc7 35. cxb7 Kxb7 36. Rd3 Rxc4 37. Kf2 a5 38. Kf3 Kb6 39. g4 Rc5 40.
Kf4 Kb5 41. g5 Kc4 42. Rg3 Kd5 43. g6 Ke6 44. Ke4 Rc4+ 45. Kd3 Rc8 46. g7 Kf7
47. a4 Kg8 48. Rg5 Rc1 49. Rxa5 Kxg7 50. Kd4 Kf6 51. Kd5 Ke7 52. Ra7+ Kd8 53.
Kd6 Kc8  1/2-1/2

[Event "20th 4NCL Congress"]
[Site "Nottingham"]
[Date "2018.09.28"]
[Round "1"]
[Board "2"]
[White "Robinson, John K"]
[Black "Cherupalli, Ramprasad"]
[Result "0-1"]
[WhiteElo "1990"]
[BlackElo "1825"]
[PlyCount "90"]
[EventDate "2018.09.28"]
[EventRounds "5"]
[EventCountry "ENG"]

1. d4 d5 2. Nf3 Nf6 3. c4 c6 4. Nc3 dxc4 5. a4 Bf5 6. e3 e6 7. Bxc4 Bb4 8. O-O
Nbd7 9. Re1 Bg6 10. Bd2 Qe7 11. Ne2 Bd6 12. a5 Ne4 13. Bc3 O-O 14. Nf4 Bf5 15.
Nd3 Rac8 16. h3 Rfd8 17. Qe2 c5 18. d5 exd5 19. Bxd5 Nxc3 20. bxc3 c4 21. Nb2
Ne5 22. Nxc4 Bd3 23. Nxd6 Qxd6 24. Bxf7+ Nxf7 25. Qb2 Be4 26. Nd4 Ne5 27. Rf1
Qg6 28. f3 Nc4 29. Qf2 Bd5 30. e4 Bf7 31. Rfb1 Rd7 32. Rb4 Ne5 33. Qe3 Bc4 34.
Rab1 Ba6 35. Nf5 Nc6 36. R4b2 Rcd8 37. Kh2 Rd3 38. Qc5 Qf6 39. c4 Qe5+ 40. Qxe5
Nxe5 41. c5 Nc4 42. Rxb7 Bxb7 43. Rxb7 R3d7 44. c6 Rxb7 45. cxb7 Nxa5  0-1

[Event "20th 4NCL Congress"]
[Site "Nottingham"]
[Date "2018.09.28"]
[Round "1"]
[Board "3"]
[White "Wilson, Matthew R"]
[Black "Gibbs, Dominic V"]
[Result "1-0"]
[WhiteElo "1820"]
[BlackElo "1983"]
[PlyCount "167"]
[EventDate "2018.09.28"]
[EventRounds "5"]
[EventCountry "ENG"]

1. e4 g6 2. Nc3 Bg7 3. f4 c6 4. Nf3 d5 5. e5 Nh6 6. d4 O-O 7. Ne2 f6 8. Ng3 c5
9. c3 Nc6 10. Be2 cxd4 11. cxd4 Qb6 12. b3 Bg4 13. Be3 fxe5 14. Nxe5 Bxe2 15.
Nxe2 Nxe5 16. fxe5 Ng4 17. Qd2 Bxe5 18. h3 Nxe3 19. Qxe3 Qa5+ 20. Qd2 Qxd2+ 21.
Kxd2 Bd6 22. Rhf1 e5 23. Rac1 Rxf1 24. Rxf1 Rf8 25. Rc1 Rf2 26. Rc8+ Rf8 27.
Rc2 Kg7 28. Ke3 e4 29. Rc1 g5 30. g3 Rf3+ 31. Kd2 Bb4+ 32. Kc2 Kf6 33. Kb1 Bd6
34. Rc8 Ke6 35. Re8+ Kd7 36. Rh8 Rf7 37. Rg8 Be7 38. Nc3 Ke6 39. Rb8 Bd6 40.
Re8+ Kd7 41. Rg8 h6 42. Nxd5 Bxg3 43. Rg6 Bf2 44. Nf6+ Kc7 45. Nxe4 Bxd4 46.
Rxh6 Be3 47. Nf6 Bf4 48. Nd5+ Kd7 49. Nf6+ Ke6 50. Ng4+ Kf5 51. Rh8 Ke4 52.
Re8+ Kf3 53. Ne5+ Bxe5 54. Rxe5 Kf4 55. Re1 $11 Rh7 56. Rf1+ Ke4 57. Rg1 Rh5
58. Rg3 Kf4 59. Rc3 Rh7 60. Kb2 Re7 61. Rc8 Kg3 62. Rc5 Kh4 63. Rc3 a6 64. Ka3
b6 65. Rc6 Kxh3 66. Rxb6 Ra7 67. Kb4 g4 68. Rh6+ Kg2 69. Kc5 g3 70. Rg6 a5 71.
Rg8 a4 72. b4 Rc7+ 73. Kb5 a3 74. Ka4 Rc3 75. b5 Kf2 76. b6 Rc6 77. b7 Rb6 78.
b8=Q Rxb8 79. Rxb8 g2 80. Rf8+ Ke2 81. Rg8 Kf2 82. Kxa3 g1=Q 83. Rxg1 Kxg1 84.
Kb4  1-0

[Event "20th 4NCL Congress"]
[Site "Nottingham"]
[Date "2018.09.28"]
[Round "1"]
[Board "4"]
[White "Cast, Julian"]
[Black "Obi, Marc On"]
[Result "1-0"]
[WhiteElo "1975"]
[BlackElo "1812"]
[PlyCount "77"]
[EventDate "2018.09.28"]
[EventRounds "5"]
[EventCountry "ENG"]

1. e4 c5 2. d4 cxd4 3. c3 dxc3 4. Nxc3 e6 5. Nf3 Bb4 6. Bc4 Nf6 7. Qc2 O-O 8.
e5 Bxc3+ 9. bxc3 Nd5 10. O-O Qa5 11. Ng5 f5 12. exf6 Nxf6 13. Bd3 h6 14. Nf3
Nc6 15. Bd2 d6 16. c4 Qc7 17. Bc3 Bd7 18. Rab1 Rae8 19. Nh4 e5 20. Rfe1 b6 21.
Bg6 Rc8 22. Nf5 Be6 23. Bd2 Bxf5 24. Qxf5 Nd4 25. Qh3 Qd7 26. Qd3 Qg4 27. Re3
Qe6 28. Qxd4 Rxc4 29. Bf5 Rxd4 30. Bxe6+ Kh8 31. Bc3 Rf4 32. g3 Ra4 33. Bb3 Ra6
34. h3 b5 35. Rd1 Ne8 36. Bb4 Rf6 37. f4 Nc7 38. fxe5 dxe5 39. Rd8+  1-0

[Event "20th 4NCL Congress"]
[Site "Nottingham"]
[Date "2018.09.28"]
[Round "1"]
[Board "5"]
[White "Goldrick, Thomas G"]
[Black "White, Ian R"]
[Result "1-0"]
[WhiteElo "1805"]
[BlackElo "1975"]
[PlyCount "83"]
[EventDate "2018.09.28"]
[EventRounds "5"]
[EventCountry "ENG"]

1. e4 e6 2. d3 d5 3. Nd2 c5 4. Ngf3 Nc6 5. g3 g6 6. Bg2 Bg7 7. O-O Nge7 8. Re1
O-O 9. c3 b5 10. Nb3 d4 11. Bd2 Qb6 12. Qc2 a5 13. cxd4 cxd4 14. a4 Rb8 15.
axb5 Qxb5 16. Nxa5 Nxa5 17. Rxa5 Qxb2 18. Qc5 Rb7 19. Rea1 Qb6 20. Qc4 Nc6 21.
Ra6 Qb2 22. Qxc6 Bd7 23. Qd6 Bb5 24. R6a2 Qb3 25. Nxd4 Qxd3 26. Nxb5 Qxb5 27.
Ra5 Qd7 28. Qxd7 Rxd7 29. R1a2 Rfd8 30. Bg5 Rd1+ 31. Bf1 f6 32. Be3 h5 33. Ra8
Kh7 34. Rxd8 Rxd8 35. Bc4 e5 36. Ra7 Rb8 37. Bd5 Rd8 38. f4 exf4 39. gxf4 Kh6
40. Bd4 Bf8 41. Kg2 f5 42. Bf6  1-0

[Event "20th 4NCL Congress"]
[Site "Nottingham"]
[Date "2018.09.28"]
[Round "1"]
[Board "6"]
[White "Molano Lafuente, Ismael"]
[Black "Biermann, Florian B"]
[Result "1-0"]
[WhiteElo "1968"]
[BlackElo "1802"]
[PlyCount "87"]
[EventDate "2018.09.28"]
[EventRounds "5"]
[EventCountry "ENG"]

1. f4 d6 2. Nf3 Nf6 3. d3 g6 4. c3 Bg7 5. e4 O-O 6. Be2 c5 7. Na3 Nc6 8. O-O a6
9. Nc2 b5 10. Ne3 b4 11. c4 e6 12. g4 Bb7 13. Qe1 d5 14. e5 Nd7 15. g5 h5 16.
gxh6 Bxh6 17. Ng4 Bg7 18. Ng5 Nd4 19. Qh4 Re8 20. Qh7+ Kf8 21. Nh6 Nf6 22. exf6
Nxe2+ 23. Kf2 Qxf6 24. Kxe2 Ke7 25. Ng4 Qf5 26. Qxg7 Qxg4+ 27. Ke1 Rf8 28. Qe5
Rac8 29. f5 Qh4+ 30. Rf2 gxf5 31. Nf3 Qh5 32. Bf4 dxc4 33. Qd6+ Ke8 34. Bg5 f6
35. Qxe6+ Kd8 36. Qd6+ Ke8 37. Ne5 Qh7 38. Bxf6 Rxf6 39. Qxf6 Rc7 40. Nxc4 Re7+
41. Kd2 Bd5 42. Re1 Rxe1 43. Kxe1 Qh5 44. Re2+  1-0

[Event "20th 4NCL Congress"]
[Site "Nottingham"]
[Date "2018.09.28"]
[Round "1"]
[Board "7"]
[White "Somton, Anita"]
[Black "Whitehead, Mark A"]
[Result "1/2-1/2"]
[WhiteElo "1787"]
[BlackElo "1945"]
[PlyCount "61"]
[EventDate "2018.09.28"]
[EventRounds "5"]
[EventCountry "ENG"]

1. e4 c5 2. Nc3 a6 3. g3 b5 4. Bg2 Bb7 5. f4 g6 6. d4 cxd4 7. Qxd4 Nf6 8. Nf3
Bg7 9. e5 Nc6 10. Qe3 Ng4 11. Qe2 O-O 12. h3 Nh6 13. O-O Nf5 14. Qf2 d5 15. g4
Nh6 16. Rd1 e6 17. Be3 Qc8 18. Ne2 Re8 19. Ng3 Ne7 20. Nd4 Kh8 21. f5 exf5 22.
Bxh6 Bxh6 23. gxf5 Ng8 24. Re1 Qc7 25. e6 f6 26. Rad1 Rac8 27. c3 Qf4 28. Qxf4
Bxf4 29. Nde2 Bxg3 30. Nxg3 Ne7 31. fxg6  1/2-1/2

[Event "20th 4NCL Congress"]
[Site "Nottingham"]
[Date "2018.09.28"]
[Round "1"]
[Board "8"]
[White "Bennett, Dominic L"]
[Black "Graham, Neil"]
[Result "1/2-1/2"]
[WhiteElo "1933"]
[BlackElo "1779"]
[PlyCount "34"]
[EventDate "2018.09.28"]
[EventRounds "5"]
[EventCountry "ENG"]

1. Nf3 d5 2. d4 Bf5 3. Bf4 e6 4. e3 Bd6 5. Bd3 Bxf4 6. exf4 Bxd3 7. Qxd3 Qd6 8.
O-O Nf6 9. Ne5 O-O 10. Nd2 b6 11. a4 Nfd7 12. Rfe1 c5 13. a5 c4 14. Qf3 Nc6 15.
Ndxc4 Ndxe5 16. dxe5 Qb4 17. Ne3 Nxa5  1/2-1/2

[Event "20th 4NCL Congress"]
[Site "Nottingham"]
[Date "2018.09.28"]
[Round "1"]
[Board "9"]
[White "Potter, Steven"]
[Black "Sudar, Dragoljub"]
[Result "1/2-1/2"]
[WhiteElo "1771"]
[BlackElo "1922"]
[PlyCount "169"]
[EventDate "2018.09.28"]
[EventRounds "5"]
[EventCountry "ENG"]

1. d4 d5 2. Bg5 c6 3. e3 Qb6 4. Qc1 Bf5 5. Nd2 Nd7 6. Ngf3 h6 7. Bh4 e6 8. a3
Ngf6 9. Be2 Rc8 10. O-O Bd6 11. c4 Qd8 12. c5 Bb8 13. b4 e5 14. dxe5 Nxe5 15.
Nd4 Bh7 16. N2f3 O-O 17. Qc3 Ne4 18. Bxd8 Nxc3 19. Bh4 Nxe2+ 20. Nxe2 Nxf3+ 21.
gxf3 Bd3 22. Ra2 Rfe8 23. Rd1 Bxe2 24. Rxe2 f5 25. Rde1 Re6 26. Bg3 Bxg3 27.
fxg3 Rce8 28. Kf2 Kf7 29. h4 $11 g5 30. h5 Kf6 31. f4 Re4 32. Rd1 Rc4 33. Rd3
Ree4 34. Rb3 b6 35. cxb6 axb6 36. Rbb2 Rc3 37. Rbc2 Rcc4 38. Rxc4 Rxc4 39. Ra2
c5 40. bxc5 Rxc5 41. a4 Ra5 42. Rb2 Ra6 43. Rc2 gxf4 44. gxf4 Rxa4 45. Rc6+ Kg7
46. Rxb6 d4 47. Rg6+ Kh7 48. exd4 Rxd4 49. Ke3 Re4+ 50. Kf3 Ra4 51. Rf6 Ra3+
52. Kf2 Ra5 $11 53. Ke3 Kg7 54. Rg6+ Kh7 55. Rd6 Ra3+ 56. Kd4 Rh3 57. Rd7+ Kg8
58. Ke5 Rxh5 59. Kf6 Rh1 60. Kxf5 Ra1 61. Kg6 Ra6+ 62. Kh5 Rf6 63. Kg4 Kf8 64.
f5 Kg8 65. Kf4 Ra6 66. Re7 Kf8 67. Rh7 Kg8 68. Rb7 Kf8 69. Rd7 Ke8 70. Rh7 Kf8
71. Kg4 Rb6 72. Ra7 Rc6 73. Rd7 Ra6 74. Kh5 Rf6 $11 75. Kg4 Kg8 76. Kf4 Ra6 77.
Ke5 Ra5+ 78. Ke6 Ra6+ 79. Ke7 Kg7 80. Rd1 Ra7+ 81. Ke6 Ra6+ 82. Ke5 Ra5+ 83.
Kf4 Ra4+ 84. Kf3 Kf6 85. Rd6+  1/2-1/2

[Event "20th 4NCL Congress"]
[Site "Nottingham"]
[Date "2018.09.28"]
[Round "1"]
[Board "10"]
[White "Nandi, Robin J"]
[Black "Bitlloch, Jordi"]
[Result "0-1"]
[WhiteElo "1898"]
[BlackElo "1765"]
[PlyCount "42"]
[EventDate "2018.09.28"]
[EventRounds "5"]
[EventCountry "ENG"]

1. d4 Nf6 2. c4 c5 3. d5 e5 4. Nc3 d6 5. e4 Be7 6. Bd3 Nbd7 7. Nge2 Nf8 8. f4
exf4 9. Bxf4 Ng6 10. O-O Ng4 11. Ng3 N4e5 12. Nf5 Nxf4 13. Rxf4 Bg5 14. Rf1 g6
15. Ng3 Be3+ 16. Kh1 Ng4 17. Qf3 O-O 18. e5 Bd4 19. e6 Nxh2 20. exf7+ Kh8 21.
Qf4 Ng4  0-1

[Event "20th 4NCL Congress"]
[Site "Nottingham"]
[Date "2018.09.28"]
[Round "1"]
[Board "11"]
[White "Livesey, R  Nigel"]
[Black "Ireland, David J"]
[Result "0-1"]
[WhiteElo "1758"]
[BlackElo "1892"]
[PlyCount "80"]
[EventDate "2018.09.28"]
[EventRounds "5"]
[EventCountry "ENG"]

1. c4 Nf6 2. g3 g6 3. Bg2 Bg7 4. Nc3 d6 5. d3 c5 6. e4 Nc6 7. Nge2 O-O 8. O-O
e5 9. Nd5 Nxd5 10. exd5 Nd4 11. Nxd4 cxd4 12. b4 f5 13. f4 Re8 14. Re1 Qc7 15.
Bd2 e4 16. Qc2 Bd7 17. Bf1 Rac8 18. a4 e3 19. Bc1 a6 20. a5 h6 21. Bb2 g5 22.
Qg2 Kh7 23. Kh1 Rg8 24. Be2 Bf6 25. Qh3 Rcf8 26. Bh5 Rg7 27. Re2 Qc8 28. Ba3
Qd8 29. Rc1 Rfg8 30. Bb2 Qe7 31. Rf1 gxf4 32. gxf4 Rg4 33. Bxg4 fxg4 34. Qg2
Bf5 35. Rd1 Qg7 36. c5 Qg6 37. c6 Bxd3 38. Rxd3 Qxd3 39. Qf1 g3 40. Qf3 g2+  0-1

[Event "20th 4NCL Congress"]
[Site "Nottingham"]
[Date "2018.09.28"]
[Round "1"]
[Board "12"]
[White "Hughes, Peter"]
[Black "Towers, Brian"]
[Result "1/2-1/2"]
[WhiteElo "1874"]
[BlackElo "1727"]
[PlyCount "68"]
[EventDate "2018.09.28"]
[EventRounds "5"]
[EventCountry "ENG"]

1. d4 e6 2. c4 f5 3. g3 Nf6 4. Bg2 Be7 5. Nf3 d6 6. Nc3 O-O 7. O-O Ne4 8. Qc2
Nxc3 9. Qxc3 Nd7 10. Rd1 Qe8 11. Bg5 Bxg5 12. Nxg5 Nf6 13. Qc2 h6 14. Nh3 e5
15. dxe5 dxe5 16. c5 c6 17. Kh1 Qh5 18. Qc3 f4 19. gxf4 Bxh3 20. Bxh3 exf4 21.
Rg1 Kh8 22. Rac1 f3 23. Qxf3 Qxf3+ 24. exf3 Nd5 25. Bg2 Nf4 26. Rc2 Rad8 27.
Bf1 Rd1 28. Be2 Rxg1+ 29. Kxg1 Re8 30. Kf1 Re5 31. b4 Rh5 32. Kg1 Re5 33. Kf1
g5 34. Bc4 Kg7  1/2-1/2

[Event "20th 4NCL Congress"]
[Site "Nottingham"]
[Date "2018.09.28"]
[Round "1"]
[Board "13"]
[White "Webster, Vivien"]
[Black "Ruane, Brendan J"]
[Result "1/2-1/2"]
[WhiteElo "1727"]
[BlackElo "1871"]
[PlyCount "69"]
[EventDate "2018.09.28"]
[EventRounds "5"]
[EventCountry "ENG"]

1. d4 d5 2. c4 dxc4 3. e4 e5 4. Qa4+ c6 5. Bxc4 b5 6. Bxb5 cxb5 7. Qxb5+ Nd7 8.
dxe5 Rb8 9. Qa4 Rb4 10. Qc2 Nxe5 11. Nf3 Nd3+ 12. Ke2 Nxc1+ 13. Rxc1 Ba6+ 14.
Ke1 Rc4 15. Nc3 Qa5 16. Nd2 Rc8 17. a3 Nf6 18. b4 Qb6 19. Qa4+ Nd7 20. Nd5 Qd6
21. Rxc8+ Bxc8 22. Rc1 Bb7 23. Nc7+ Kd8 24. Qxa7 Qb6 25. Qa4 Bd6 26. Nd5 Bxd5
27. exd5 Bb8 28. Qc2 Re8+ 29. Kf1 Qb5+ 30. Kg1 Qxd5 31. Nf3 g6 32. Rd1 Qb7 33.
Qc3 Qc6 34. Nd4 Qc7 35. Qh3  1/2-1/2

[Event "20th 4NCL Congress"]
[Site "Nottingham"]
[Date "2018.09.28"]
[Round "1"]
[Board "14"]
[White "Gillespie, Gary D"]
[Black "O'gorman, Brendan"]
[Result "0-1"]
[WhiteElo "1870"]
[BlackElo "1706"]
[PlyCount "110"]
[EventDate "2018.09.28"]
[EventRounds "5"]
[EventCountry "ENG"]

1. d4 Nf6 2. Nf3 b6 3. c4 Bb7 4. g3 d5 5. Bg2 dxc4 6. Qa4+ Nbd7 7. Qxc4 e6 8.
O-O Be7 9. Bg5 O-O 10. Nc3 c5 11. e3 cxd4 12. Nxd4 Bxg2 13. Kxg2 h6 14. Bxf6
Nxf6 15. Rfd1 Qc8 16. Qxc8 Raxc8 17. a3 Rc4 18. Rac1 Rfc8 19. Nce2 Rxc1 20.
Rxc1 Rxc1 21. Nxc1 Kf8 22. Nd3 a6 23. Kf3 Ke8 24. e4 Nd7 25. e5 b5 26. Nc6 Nc5
27. Ndb4 Bg5 28. Nc2 Kd7 29. N2d4 Kc7 30. Ke2 Bc1 31. b4 Na4 32. Kd3 Bxa3 33.
Nc2 Kxc6 34. Nxa3 Kd5 35. f4 Nb2+ 36. Kc3 Nd1+ 37. Kd2 Nf2 38. Kc3 Ng4 39. h3
Nf2 40. Nb1 Ne4+ 41. Kd3 Nxg3 42. Nc3+ Kc6 43. Ke3 Nf5+ 44. Ke4 Ne7 45. Kd4 g6
46. Ke4 h5 47. Kd4 Nf5+ 48. Kd3 Kb6 49. Ne4 a5 50. bxa5+ Kxa5 51. Kc3 Ne3 52.
Nd6 Nd5+ 53. Kb3 Nxf4 54. Nxf7 Nxh3 55. Nd8 Nf4  0-1

[Event "20th 4NCL Congress"]
[Site "Nottingham"]
[Date "2018.09.28"]
[Round "1"]
[Board "15"]
[White "Sheikh, Nasarullah"]
[Black "Bowers, Francis J"]
[Result "1/2-1/2"]
[WhiteElo "1701"]
[BlackElo "1864"]
[PlyCount "36"]
[EventDate "2018.09.28"]
[EventRounds "5"]
[EventCountry "ENG"]

1. e4 e5 2. Nf3 d6 3. d4 exd4 4. Nxd4 g6 5. Nc3 Bg7 6. Be3 Nf6 7. Qd2 O-O 8. f3
Re8 9. O-O-O Nc6 10. g4 Nxd4 11. Bxd4 Be6 12. h4 c5 13. Be3 Qa5 14. Bh6 Bh8 15.
h5 Bxa2 16. hxg6 fxg6 17. Nb5 Qa4 18. Nc3 Qa5  1/2-1/2

[Event "20th 4NCL Congress"]
[Site "Nottingham"]
[Date "2018.09.28"]
[Round "1"]
[Board "16"]
[White "Jamroz, Viktor"]
[Black "London, Nick J"]
[Result "1-0"]
[WhiteElo "1863"]
[BlackElo "1692"]
[PlyCount "121"]
[EventDate "2018.09.28"]
[EventRounds "5"]
[EventCountry "ENG"]

1. e4 e6 2. d4 d5 3. Bd3 Nc6 4. Nf3 Nf6 5. e5 Nd7 6. c3 f6 7. O-O fxe5 8. Nxe5
Nf6 9. Bg5 Bd7 10. Re1 Bd6 11. Nxd7 Qxd7 12. Bxf6 gxf6 13. Bf5 Nd8 14. Nd2 Kf8
15. Bd3 Nf7 16. Qf3 f5 17. Qh5 Re8 18. Nf3 c6 19. Re2 Re7 20. Rae1 Qe8 21. Ng5
Nxg5 22. Qxg5 Qg6 23. Qh4 Kf7 24. c4 Qf6 25. Qxf6+ Kxf6 26. g3 dxc4 27. Bxc4 e5
$11 28. dxe5+ Rxe5 29. f4 Rxe2 30. Rxe2 Bc5+ 31. Kf1 Rd8 32. Re6+ Kg7 33. Re5
Bd4 34. Rxf5 b5 35. Bb3 a5 36. Rf7+ Kg6 37. Rc7 c5 38. Bc2+ Kf6 39. b3 h5 40.
Rb7 b4 41. Ra7 h4 42. Rxa5 hxg3 43. hxg3 Be3 44. Ra6+ Kf7 45. Ke2 Bd4 46. Be4
Rh8 47. Kf3 Rh2 48. Bd5+ Kg7 49. Kg4 Rd2 50. Kf5 Bf2 51. Ra7+ Kf8 52. Kf6 Ke8
53. Ra8+ Kd7 54. Be6+ Kc7 55. g4 Kb7 56. Rg8 Rxa2 57. g5 Bd4+ 58. Kf7 Kc6 59.
f5 Ra7+ 60. Kg6 Kd6 61. Bc4  1-0

[Event "20th 4NCL Congress"]
[Site "Nottingham"]
[Date "2018.09.28"]
[Round "1"]
[Board "17"]
[White "Sheikh, Anum"]
[Black "Pink, Joshua"]
[Result "0-1"]
[WhiteElo "1686"]
[BlackElo "1857"]
[PlyCount "100"]
[EventDate "2018.09.28"]
[EventRounds "5"]
[EventCountry "ENG"]

1. e4 b6 2. d4 Ba6 3. Bxa6 Nxa6 4. Nf3 e6 5. a3 c5 6. Nc3 Nc7 7. O-O d5 8. Re1
Nf6 9. Bf4 dxe4 10. Nxe4 Nxe4 11. Rxe4 Bd6 12. dxc5 Bxf4 13. Rxf4 bxc5 14. c4
Qxd1+ 15. Rxd1 O-O 16. h3 Rfd8 17. Rxd8+ Rxd8 18. Ne5 f6 19. Nc6 Rd1+ 20. Kh2
e5 21. Rf3 a6 22. Rb3 Rd6 23. Ne7+ Kf7 24. Rb7 Kxe7 25. Rxc7+ Kd8 26. Rxg7 Rd2
27. f3 Rxb2 28. Rxh7 Rc2 29. Ra7 Rxc4 30. Rxa6 Rf4 31. Rc6 c4 32. a4 Kd7 33.
Rc5 Kd6 34. Rc8 Kd7 35. Rc5 Kd6 36. Rc8 Kd5 37. a5 Rh4 38. Kg3 Rh7 39. Kf2 Ra7
40. Ke3 Rxa5 41. Rd8+ Kc5 42. Ke4 Ra2 43. g4 c3 44. Rc8+ Kb4 45. Rb8+ Kc4 46.
h4 Rf2 47. h5 c2 48. h6 Rh2 49. Rc8+ Kb3 50. Kd3 Kb2  0-1

[Event "20th 4NCL Congress"]
[Site "Nottingham"]
[Date "2018.09.28"]
[Round "1"]
[Board "18"]
[White "Bryant, Richard Be"]
[Black "Di-Vetta, Andrew"]
[Result "0-1"]
[WhiteElo "1856"]
[BlackElo "1681"]
[PlyCount "146"]
[EventDate "2018.09.28"]
[EventRounds "5"]
[EventCountry "ENG"]

1. e4 c5 2. Nc3 d6 3. f4 Nc6 4. Bb5 Bd7 5. Nf3 a6 6. Bxc6 Bxc6 7. d3 b5 8. O-O
e6 9. Qe1 Ne7 10. Be3 b4 11. Nd1 Nc8 12. Qg3 Nb6 13. Nf2 Rg8 14. Qh3 h6 15. b3
Be7 16. Rad1 Qc7 17. d4 Bb5 18. Rfe1 O-O-O 19. c3 Kb7 20. cxb4 cxb4 21. Rc1 Qd7
22. Bd2 a5 23. Ra1 f6 24. a3 d5 25. a4 Ba6 26. exd5 exd5 27. f5 Bd6 28. Nh4
Rge8 29. Nd3 Rc8 30. Rxe8 Qxe8 31. Re1 Qc6 32. Rc1 Qe8 33. Nc5+ Ka7 34. Re1 Qf7
35. Ng6 Re8 36. Nxa6 Rxe1+ 37. Bxe1 Qe8 38. Kf1 Kxa6 39. Qd3+ Kb7 40. h3 Qe4
41. Qxe4 dxe4 42. Ke2 Nd5 43. Bd2 Kc6 44. g4 Kd7 45. Kf2 Ke8 46. Bc1 Bc7 47.
Be3 Bb6 48. Ke2 Bc7 49. Nh4 Bg3 50. Ng2 Kf7 51. Bf2 Bh2 52. Kd2 g6 53. fxg6+
Kxg6 54. h4 h5 55. gxh5+ Kxh5 56. Ke2 f5 57. Ne3 Nc3+ 58. Kf1 f4 59. Nc4 e3 60.
Be1 e2+ 61. Kg2 Bg3 62. Bd2 Ne4 63. Kf3 Nxd2+ 64. Kxe2 Nxb3 65. d5 Bxh4 66. d6
Kg4 67. Ne5+ Kf5 68. Nf3 Bd8 69. Kf2 Ke4 70. Kg2 Nc5 71. Nd2+ Kd3 72. Nf3 b3
73. Ne5+ Kc3  0-1

[Event "20th 4NCL Congress"]
[Site "Nottingham"]
[Date "2018.09.28"]
[Round "1"]
[Board "19"]
[White "Radford, Mark Sr"]
[Black "Gillespie, David P"]
[Result "0-1"]
[WhiteElo "1666"]
[BlackElo "1850"]
[PlyCount "84"]
[EventDate "2018.09.28"]
[EventRounds "5"]
[EventCountry "ENG"]

1. Nf3 Nf6 2. c4 g6 3. Nc3 Bg7 4. g3 O-O 5. Bg2 d6 6. O-O c5 7. d3 Nc6 8. Bd2
Rb8 9. Rb1 Bd7 10. a3 a6 11. b4 cxb4 12. axb4 b5 13. cxb5 axb5 14. h3 Re8 15.
d4 d5 16. Qb3 Bf5 17. Rbc1 Qd7 18. Kh2 Be4 19. Be3 h6 20. Rfd1 Bxf3 21. Bxf3 e6
22. Rd2 Red8 23. Rdc2 Ne7 24. Nd1 Ne8 25. Bf4 Nf5 26. e3 Rb7 27. g4 Nh4 28. Be2
Nd6 29. Bxd6 Qxd6+ 30. Kg1 e5 31. Rc6 Qe7 32. Rc8 exd4 33. Qxd5 Rbd7 34. Qxb5
dxe3 35. Nxe3 Bd4 36. Rxd8+ Rxd8 37. Ng2 Qf6 38. Rf1 Nf3+ 39. Kh1 Nd2 40. Rd1
Ne4 41. Rc1 Nxf2+ 42. Kh2 Qd6+  0-1

[Event "20th 4NCL Congress"]
[Site "Nottingham"]
[Date "2018.09.28"]
[Round "1"]
[Board "20"]
[White "Goodwin, Ed H"]
[Black "Murphy, Ross"]
[Result "1/2-1/2"]
[WhiteElo "1847"]
[BlackElo "1652"]
[PlyCount "55"]
[EventDate "2018.09.28"]
[EventRounds "5"]
[EventCountry "ENG"]

1. d4 Nf6 2. c4 g6 3. Nc3 d5 4. cxd5 Nxd5 5. e4 Nxc3 6. bxc3 Bg7 7. Bc4 O-O 8.
Ne2 Qd7 9. Be3 b6 10. O-O Bb7 11. f3 Nc6 12. Qd2 Na5 13. Bd3 Rad8 14. Bh6 c5
15. Bxg7 Kxg7 16. Rad1 c4 17. Bb1 e6 18. Ng3 Qe7 19. f4 f5 20. Qe3 Qf7 21. Rf2
Rfe8 22. Re1 $11 g5 23. Rfe2 Bc6 24. Qf2 Nb7 25. d5 exd5 26. exf5 Rxe2 27. Rxe2
Re8 28. fxg5  1/2-1/2

[Event "20th 4NCL Congress"]
[Site "Nottingham"]
[Date "2018.09.28"]
[Round "1"]
[Board "21"]
[White "Swales, Andrew"]
[Black "Jacob, Sydney J"]
[Result "0-1"]
[WhiteElo "1592"]
[BlackElo "1838"]
[PlyCount "68"]
[EventDate "2018.09.28"]
[EventRounds "5"]
[EventCountry "ENG"]

1. d4 Nf6 2. c4 e6 3. Nf3 d5 4. g3 c6 5. Bg2 Be7 6. O-O O-O 7. Qc2 Nbd7 8. Nc3
Re8 9. e4 dxe4 10. Nxe4 Nxe4 11. Qxe4 Nf6 12. Qe2 Bd6 13. Rd1 Qe7 14. Bg5 Kf8
15. c5 Bc7 16. Ne5 h6 17. Bxf6 gxf6 18. Nxc6 bxc6 19. Bxc6 Rb8 20. Bxe8 Kxe8
21. Rab1 Bb7 22. b4 Qd7 23. b5 Bd5 24. a4 f5 25. f3 Qe7 26. Kf2 f4 27. Qd2 Qg5
28. g4 Qh4+ 29. Kf1 Bxf3 30. Re1 Qh3+ 31. Kg1 Qxg4+ 32. Kf1 Qh3+ 33. Kg1 Ke7
34. d5 Rg8+  0-1

[Event "20th 4NCL Congress"]
[Site "Nottingham"]
[Date "2018.09.28"]
[Round "1"]
[Board "22"]
[White "Mcdonnell, James J"]
[Black "Llewellyn, Alan M"]
[Result "1-0"]
[WhiteElo "1835"]
[BlackElo "1470"]
[PlyCount "41"]
[EventDate "2018.09.28"]
[EventRounds "5"]
[EventCountry "ENG"]

1. e4 Nf6 2. e5 Nd5 3. d4 d6 4. c4 Nb6 5. exd6 exd6 6. Nc3 Be7 7. Bd3 Nc6 8.
Be3 Bf6 9. Nge2 O-O 10. b3 Bg4 11. f3 Re8 12. Qd2 Qe7 13. Kf2 Bh4+ 14. g3 Qf6
15. Ng1 Nxd4 16. Bxh7+ Kxh7 17. Qxd4 Qf5 18. gxh4 Rxe3 19. Qxe3 Qc2+ 20. Nge2
Bf5 21. Rhc1  1-0

[Event "20th 4NCL Congress"]
[Site "Nottingham"]
[Date "2018.09.28"]
[Round "1"]
[Board "23"]
[White "Fisher, Neal"]
[Black "Gopakumar, Siddharth"]
[Result "0-1"]
[WhiteElo "1434"]
[BlackElo "1833"]
[PlyCount "88"]
[EventDate "2018.09.28"]
[EventRounds "5"]
[EventCountry "ENG"]

1. d4 d5 2. Bf4 Nf6 3. e3 e6 4. c3 c5 5. Nf3 Nc6 6. Nbd2 Bd6 7. Ne5 Qc7 8. Bb5
Nd7 9. Bxc6 bxc6 10. Nxd7 Bxd7 11. Bxd6 Qxd6 12. Nf3 O-O 13. O-O Rab8 14. b3 f6
15. Qc2 e5 16. dxc5 Qxc5 17. Qd2 Bg4 18. Ne1 Bf5 19. Nd3 Bxd3 20. Qxd3 f5 21.
f4 Rbe8 22. Rae1 g6 23. Kh1 Rf6 24. c4 Rd6 25. Qc3 dxc4 26. bxc4 e4 27. a3 Rd3
28. Qb4 Qxb4 29. axb4 Rb8 30. b5 cxb5 31. cxb5 Rxb5 32. g3 Rb2 33. Ra1 Rdd2 34.
Rfc1 Rxh2+ 35. Kg1 Rhc2 36. Rxc2 Rxc2 37. Rxa7 Re2 38. Ra3 Kg7 39. Kf1 Rb2 40.
Rc3 Kh6 41. Rc1 Kh5 42. Re1 Kg4 43. Re2 Rxe2 44. Kxe2 Kxg3  0-1

[Event "20th 4NCL Congress"]
[Site "Nottingham"]
[Date "2018.09.28"]
[Round "1"]
[Board "24"]
[White "Arlachova, Alexandra"]
[Black "Lohia, Sohum"]
[Result "0-1"]
[WhiteElo "1397"]
[BlackElo "1316"]
[PlyCount "128"]
[EventDate "2018.09.28"]
[EventRounds "5"]
[EventCountry "ENG"]

1. e4 e5 2. Nf3 Nc6 3. Bc4 Nf6 4. d4 exd4 5. e5 Ng4 6. Bxf7+ Kxf7 7. Ng5+ Kg8
8. Qxg4 h6 9. Nf3 d6 10. e6 Qf6 11. O-O Bxe6 12. Qe4 Qf5 13. Nbd2 Qxe4 14. Nxe4
Bf5 15. Re1 Kf7 16. Nh4 Bh7 17. Re2 Re8 18. Ng3 Rxe2 19. Nxe2 Bxc2 20. Nf3 d3
21. Ned4 Nxd4 22. Nxd4 Be7 23. Be3 Bf6 24. Nxc2 dxc2 25. Rc1 Bg5 26. Rxc2 c5
27. f4 Bf6 28. g4 Re8 29. Kf2 b6 30. Rd2 Rd8 31. Kg3 d5 32. h4 Re8 33. Bf2 d4
34. Kf3 Kg6 35. Re2 Rxe2 36. Kxe2 c4 37. h5+ Kf7 38. f5 d3+ 39. Kd2 Bxb2 40. a4
Bf6 41. Bg3 Bg5+ 42. Kc3 a6 43. Bd6 b5 44. axb5 axb5 45. Bb4 Be7 46. Ba5 Kf6
47. Kd4 b4 48. Ke3 Kg5 49. Bc7 Kxg4 50. Be5 Kxf5 51. Bxg7 Bg5+ 52. Kf2 d2 53.
Ke2 c3 54. Bd4 c2 55. Bb2 d1=Q+ 56. Kf2 c1=R 57. Bxc1 Qxc1 58. Ke2 Qd2+ 59. Kf3
Qe3+ 60. Kg2 Kg4 61. Kh2 Bf4+ 62. Kg2 Qf3+ 63. Kg1 Be3+ 64. Kh2 Qh3#  0-1